Statystyki dla Zgadnij zawodnika po fakcie?

Kliknij tutaj aby rozwiązać quiz!

Ogólne statystyki

  • Ten quiz został rozwiązany 148 razy
  • Średni wynik to 6 z 10

Statystyki odpowiedzi

FaktPiłkarz% Poprawnych
Został przetranswerowany za rekordową kwote 222 mln euroNeymar
90%
Król strzelców mundialu 2002Ronaldo
83%
Strzelił najwiencej bramek w historii reprezentacji PolskiRobert lewandowski
81%
Król strzelców ligi mistrzów w latach 2008 2013 2014 2015 2016 2017 2018Cristiano ronaldo
80%
Pierwszy piłkarz w historii który przekroczył granice 400 goli w primera divisionLionel messi
67%
Jedyny polak w historii który został królems strzelców mistrzów świataGrzegorz Lato
63%
Jedyny bramkarz który dostał złotą piłkeLew Jaszyn
61%
Król strzelców mistrzostw świata 2014James rodriguez
51%
Trener reprezentacji holandiiRonald koeman
34%
Młody piłkarz roku w premier league 2015/2016 i 2016/2017Dele Alli
20%

Rozkład punktacji

Percentyl według liczby udzielonych odpowiedzi

Procent ludzi z każdym wynikiem

Twoja historia wyników

Nie rozwiązałeś tego quizu